Statistieken voor Landen op de Steenbokskeerkring

Klik hier om de quiz te nemen!

Algemene statistieken

  • Deze quiz is 722 keer genomen
  • De gemiddelde score is 8 van 10

Antwoordstatistieken

Land% Correct
Chili
95%
Argentinië
92%
Australië
91%
Brazilië
87%
Zuid-Afrika
87%
Namibië
82%
Mozambique
79%
Paraguay
77%
Botswana
76%
Madagaskar
76%

Scoreverdeling

Percentiel versus Aantal Correcte Antwoorden

Procent van Mensen met Elke Score

Uw Scoregeschiedenis

U heeft deze quiz nog niet genomen